[Event "e2e4 Amersham Open"]
[Site "Amersham ENG"]
[Date "2012.05.19"]
[Round "2"]
[White "Longson,A"]
[Black "Hawkins,Jo"]
[Result "0-1"]
[WhiteElo "2274"]
[BlackElo "2480"]

1.e4 e5 2.Nf3 Nc6 3.Bb5 a6 4.Ba4 Nf6 5.O-O Be7 6.Re1 b5 7.Bb3 d6 8.c3 O-O
9.h3 Nb8 10.d4 Nbd7 11.Nbd2 Bb7 12.Bc2 Re8 13.Nf1 Bf8 14.Ng3 g6 15.a4 c5
16.d5 c4 17.b4 cxb3 18.Bxb3 Qc7 19.Bd2 Nc5 20.axb5 axb5 21.Bc2 Rxa1 22.Qxa1 Bc8
23.Qa2 Bd7 24.c4 Rc8 25.cxb5 Bxb5 26.Qa3 Bg7 27.Rb1 Ba6 28.Ba5 Qe7 29.Rb6 Nfd7
30.Rc6 Bb7 31.Rxc8+ Bxc8 32.Bb4 Qf8 33.Nd2 h5 34.Qa8 Ba6 35.Qxf8+ Kxf8 36.Nb3 Bh6
37.Nf1 Nb7 38.Nfd2 Ke7 39.Na5 Nxa5 40.Bxa5 Bb5 41.Nb3 Ba4 42.Na1 Bxc2 43.Nxc2 f5
44.exf5 gxf5 45.Bc3 Nf6 46.Nb4 Kd7 47.g3 Kc7 48.f3 Kb6 49.Nd3 Nxd5 50.Bxe5 dxe5
51.Nxe5 Kc5 52.Kf2 Be3+ 53.Ke2 Bg5 54.f4 Bf6 55.Ng6 Kd4 56.Kf3 Ne3 57.Nf8 Kd3
58.Nd7 Bd4 59.Ne5+ Bxe5 60.fxe5 Nd5 61.e6 Kd4 62.e7 Nxe7 63.Kf4 Kd3 64.Kg5 Ke4
65.Kxh5 Kf3 66.Kh4 Kg2 67.Kg5 Kxg3 68.h4 f4 69.h5 f3 70.h6 f2 71.h7 f1=Q
72.h8=Q Qf4+ 73.Kh5 Qh4+  0-1

[Event "1st Euro 2012 Open"]
[Site "Lviv UKR"]
[Date "2012.05.31"]
[Round "6"]
[White "Yatsishin,I"]
[Black "Nester,I"]
[Result "0-1"]
[WhiteElo "2152"]
[BlackElo "2315"]

1.e4 e5 2.Nf3 Nc6 3.Bb5 a6 4.Ba4 Nf6 5.O-O Be7 6.Re1 b5 7.Bb3 d6 8.c3 O-O
9.h3 Nb8 10.d4 Nbd7 11.Nbd2 Bb7 12.Bc2 Re8 13.Nf1 Bf8 14.Ng3 g6 15.Bg5 h6
16.Bd2 Bg7 17.a4 Nb6 18.axb5 axb5 19.Bd3 c6 20.Be3 Nfd7 21.Nh2 Nc4 22.Bxc4 bxc4
23.Rxa8 Bxa8 24.Ng4 Kh7 25.Qa4 h5 26.Nh2 d5 27.Nf3 exd4 28.cxd4 Kg8 29.e5 Qb6
30.Re2 Nf8 31.Ng5 Bb7 32.Rd2 Ra8 33.Qc2 Bc8 34.Kh2 Ra1 35.h4 Ne6 36.Nxe6 Bxe6
37.Bg5 c5 38.dxc5 Qxc5 39.Bf6 Bxf6 40.exf6 Qc7 41.Rd4 Qe5 42.Qc3 Qxf6 43.Nxh5 Qxf2
44.Rxc4 gxh5  0-1

[Event "4th Rheinland-Pfalz Open 2012"]
[Site "Altenkirchen GER"]
[Date "2012.06.09"]
[Round "6.5"]
[White "Dgebuadze,A"]
[Black "Sundararajan,K"]
[Result "1/2-1/2"]
[WhiteElo "2558"]
[BlackElo "2447"]

1.e4 e5 2.Nf3 Nc6 3.Bb5 a6 4.Ba4 Nf6 5.O-O Be7 6.Re1 b5 7.Bb3 d6 8.c3 O-O
9.h3 Nb8 10.d3 Nbd7 11.Nbd2 c6 12.Nf1 Re8 13.Ng3 Bf8 14.a3 g6 15.Bg5 Bg7
16.d4 Qe7 17.Qd2 Qf8 18.Rad1 Bb7 19.dxe5 dxe5 20.Qd6 Rac8 21.Ba2 c5 22.c4 Rc6
23.Qd2 b4 24.Bxf6 Nxf6 25.Bb3 Rcc8 26.Ba4 Red8 27.Qe3 Bh6 28.Rxd8 Rxd8 29.Qb3 Bf4
30.axb4 Bxg3 31.fxg3 Nxe4 32.Nxe5 cxb4 33.Qe3 Qc5 34.Qxc5 Nxc5 35.Bc6 Rd2
36.Bxb7 Nxb7 37.Ra1 a5 38.c5 Nxc5 39.Rxa5 Ne4 40.Ra4 Rxb2 41.Nd3 Rd2 42.Rxb4 Nxg3
43.Ne5 f5 44.Rb8+ Kg7 45.Rb7+ Kf6 46.Nd7+ Kg5 47.Nf8 Rd1+ 48.Kf2 Ne4+ 49.Ke3 Re1+
50.Kf3 Rf1+ 51.Ke3 Rg1 52.Nxh7+ Kh6 53.g4 fxg4 54.Kxe4 gxh3 55.Nf8 Re1+ 56.Kf3 Rf1+
57.Kg3 Rxf8  1/2-1/2

[Event "ch-SLO 2012"]
[Site "Ljubljana SLO"]
[Date "2012.07.02"]
[Round "3.4"]
[White "Buzeti,J"]
[Black "Mazi,L"]
[Result "1/2-1/2"]
[WhiteElo "2303"]
[BlackElo "2352"]

1.e4 e5 2.Nf3 Nc6 3.Bb5 a6 4.Ba4 Nf6 5.O-O Be7 6.Re1 b5 7.Bb3 d6 8.c3 O-O
9.h3 Nb8 10.d4 Nbd7 11.Nbd2 Bb7 12.Bc2 c5 13.d5 c4 14.Nf1 Re8 15.Ng3 g6 16.a4 Bf8
17.Bg5 h6 18.Be3 Nc5 19.Qd2  1/2-1/2

[Event "4th Rethymno Open"]
[Site "Rethymno GRE"]
[Date "2012.07.08"]
[Round "3.22"]
[White "Papakonstantinou,Di1"]
[Black "Bellia,F"]
[Result "0-1"]
[WhiteElo "2117"]
[BlackElo "2428"]

1.e4 e5 2.Nf3 Nc6 3.Bb5 a6 4.Ba4 Nf6 5.O-O Be7 6.Re1 b5 7.Bb3 O-O 8.h3 d6
9.c3 Nb8 10.d4 Nbd7 11.Nbd2 Bb7 12.a4 c5 13.Qe2 cxd4 14.cxd4 Qb6 15.a5 Qc7
16.d5 Nh5 17.Nf1 Nf4 18.Bxf4 exf4 19.Qd2 Bf6 20.Rac1 Qd8 21.Rc2 Rc8 22.Rxc8 Bxc8
23.Qxf4 Nc5 24.Bc2 Bxb2 25.Qd2 Bf6 26.Ne3 g6 27.Ng4 Bxg4 28.hxg4 Nb7 29.g5 Bg7
30.Nh2 Qxa5 31.Qe2 Rc8 32.Bb1 Bb2 33.Rf1 Bc1 34.f4 Qb4 35.Qg4 Rc7 36.Qh4 Be3+
37.Kh1 Rc1 38.Rxc1 Bxc1 39.Bd3 Qd2 40.Qh3 Qd1+ 41.Bf1 Bxf4 42.Qc8+ Kg7 43.Qxb7 Qh5
44.Kg1 Qxh2+  0-1

[Event "Turkish Bank Chess League 2012"]
[Site "Konya TUR"]
[Date "2012.07.14"]
[Round "4"]
[White "Ozturk,H"]
[Black "Gundogan,Sinem Cagla"]
[Result "1/2-1/2"]
[WhiteElo "1852"]
[BlackElo "1601"]

1.e4 e5 2.Nf3 Nc6 3.Bb5 a6 4.Ba4 Nf6 5.O-O Be7 6.Re1 b5 7.Bb3 d6 8.c3 O-O
9.h3 Nb8 10.d4 Nbd7 11.Nbd2 Bb7 12.Bc2 Re8 13.a4 c6 14.Rb1 Qc7 15.b4 Rad8
16.Bd3 Bf8 17.Qc2 d5 18.exd5 exd4 19.Rxe8 Rxe8 20.dxc6 Qxc6 21.cxd4 Qxc2
22.Bxc2 Rc8 23.Bf5 bxa4 24.Ne5 Rc7 25.Nec4 Nd5 26.Ra1 Bxb4 27.Bxd7 Rxd7 28.Rxa4 f6
29.Kf1 Kf7 30.Ba3 Bxa3 31.Nxa3 Nf4 32.f3 Re7 33.Ndc4 Kg6 34.Nd6 Nd3 35.Nc2 Bd5
36.Ra3 Nf4 37.Ne3 Re6 38.Nxd5 Nxd5 39.Ne4 Rb6 40.Ra5 Rb1+ 41.Kf2 Rb2+ 42.Kg3 Ne3
43.d5 f5 44.Nc3 Nxg2 45.d6 f4+ 46.Kh2 Nh4+ 47.Kg1 Nxf3+ 48.Kf1 Rb6 49.d7 Rb8
50.Rd5 Rd8 51.Ne4 Kf7 52.Nc5 Ke7 53.Kf2 Nh4 54.Re5+ Kf7 55.Rd5 Ke7 56.Re5+ Kf7
57.Rd5  1/2-1/2

[Event "4th Rethymno Open"]
[Site "Rethymno GRE"]
[Date "2012.07.14"]
[Round "9.10"]
[White "Zinchenko,Ya"]
[Black "Bellia,F"]
[Result "1/2-1/2"]
[WhiteElo "2544"]
[BlackElo "2428"]

1.e4 e5 2.Nf3 Nc6 3.Bb5 a6 4.Ba4 Nf6 5.O-O Be7 6.Re1 b5 7.Bb3 d6 8.c3 O-O
9.h3 Nb8 10.d4 Nbd7 11.Nbd2 Bb7 12.Bc2 Re8 13.a4 Bf8 14.Bd3 b4 15.a5 d5 16.exd5 exd4
17.Rxe8 Qxe8 18.c4 Nc5 19.Nb3 Nxb3 20.Qxb3 c6 21.Bd2 cxd5 22.c5 Bxc5 23.Bxb4 Ba7
24.Re1 Ne4 25.Bc5 Bxc5 26.Qxb7 Qd8 27.Ne5 Ra7 28.Qb3 Qd6 29.Bxe4 dxe4 30.Rxe4 g6
31.Nd3 Rc7 32.Re5 Ba7 33.Qd5 Qf8 34.Qe4 Kg7 35.g3 Qd6 36.Rd5 Qf6 37.Qe5 Re7
38.Qd6 Re2 39.Qxf6+ Kxf6 40.Rd6+ Re6 41.Rd7 Bb8 42.Rxd4 Rd6 43.Rb4 Bc7 44.Nc5 Rc6
45.Nd7+ Ke6 46.Nb6 Rc5 47.Nc4 Kd5 48.b3 Kc6 49.Ra4  1/2-1/2

[Event "4th Rethymno Open"]
[Site "Rethymno GRE"]
[Date "2012.07.14"]
[Round "9.6"]
[White "Nasuta,G"]
[Black "Maiorov,N1"]
[Result "0-1"]
[WhiteElo "2236"]
[BlackElo "2574"]

1.e4 e5 2.Nf3 Nc6 3.Bb5 a6 4.Ba4 Nf6 5.O-O Be7 6.Re1 b5 7.Bb3 d6 8.c3 O-O
9.h3 Nb8 10.d4 Nbd7 11.Nbd2 Bb7 12.Bc2 Re8 13.Nf1 Bf8 14.Ng3 g6 15.Bg5 Bg7
16.Qd2 Qe7 17.Nh2 Qf8 18.f3 d5 19.dxe5 Nxe5 20.Qf2 dxe4 21.Nxe4 Nxe4 22.fxe4 c5
23.Rad1 h6 24.Bh4 Re6 25.Nf1 Nc4 26.Bb3 Rxe4 27.Rxe4 Bxe4 28.Qe2 Bf5 29.Bxc4 Re8
30.Qxe8 Qxe8 31.Rd8 Qxd8 32.Bxd8 bxc4 33.Kf2 Bf8 34.Nd2 Be6 35.Ke3 f5 36.Bc7 Bd5
37.g3 Kf7 38.Nf3 Ke6 39.Ne5 g5 40.h4 Bg7 41.Nf3 Bxf3 42.Kxf3 Be5 43.Bb6 g4+
44.Kf2 Kd5 45.h5 Bf6  0-1

[Event "34th Oberwart Open A"]
[Site "Oberwart AUT"]
[Date "2012.07.15"]
[Round "9.11"]
[White "Konrad,E"]
[Black "Petschar,K"]
[Result "1-0"]
[WhiteElo "2190"]
[BlackElo "2317"]

1.e4 e5 2.Nf3 Nc6 3.Bb5 a6 4.Ba4 Nf6 5.O-O b5 6.Bb3 Be7 7.Re1 O-O 8.c3 d6
9.h3 Nb8 10.d4 Nbd7 11.Nbd2 c5 12.Nf1 Bb7 13.Ng3 Re8 14.Ng5 c4 15.Bc2 h6
16.Nf3 Bf8 17.d5 g6 18.Be3 Qc7 19.Nh2 h5 20.Nf3 Nc5 21.Qd2 Bc8 22.Bh6 Qe7
23.Bxf8 Qxf8 24.b4 cxb3 25.axb3 a5 26.b4 Nb7 27.Bd3 Bd7 28.Qe2 Reb8 29.Bxb5 Bxb5
30.Qxb5 Nc5 31.Qc4 axb4 32.Rxa8 Rxa8 33.cxb4 Na4 34.Qc6 Nb2 35.Qc2 Na4 36.Ra1 Nb6
37.Rxa8 Qxa8 38.Qc7 Nfd7 39.Qxd6 Qa1+ 40.Nf1 Na4  1-0

[Event "Corporation Centre Cup A"]
[Site "Izhevsk RUS"]
[Date "2012.07.16"]
[Round "2"]
[White "Karavaeva,N"]
[Black "Severina,M"]
[Result "0-1"]
[WhiteElo "2027"]
[BlackElo "2202"]

1.e4 e5 2.Nf3 Nc6 3.Bb5 a6 4.Ba4 Nf6 5.O-O Be7 6.Re1 b5 7.Bb3 d6 8.c3 O-O
9.h3 Nb8 10.d4 Nbd7 11.Bg5 Bb7 12.Nbd2 h6 13.Bh4 Re8 14.a4 c5 15.Bc2 Qb6
16.Nf1 Bf8 17.d5 g6 18.b3 Bg7 19.Qd3 Nh5 20.N3d2 f5 21.c4 g5 22.Bg3 f4 23.Bh2 b4
24.Bd1 Nhf6 25.Bg4 Nxg4 26.hxg4 Nf6 27.f3 Kf7 28.g3 Rh8 29.Re2 h5 30.gxh5 Rxh5
31.g4 Rh3 32.Rg2 Rah8 33.Kf2 Bc8 34.Qe2 Qd8 35.Ke1 Qf8 36.Kd1 Ke7 37.Kc2 R8h4
38.Qf2 Qh8 39.Bg1 Qh7 40.Nh2 Bd7 41.Rd1 Be8 42.Re1 a5 43.Re2 Kd8 44.Nhf1 Bd7
45.Nh2 Kc7 46.Kb2 Qh8 47.Ka2 Qe8 48.Nb1 Rh8 49.Kb2 Bf8 50.Kc1 Ng8 51.Nf1 Nf6
52.Nh2 Be7 53.Ra2 Qc8 54.Rb2 R8h4 55.Nd2 Bxg4 56.Nxg4 Nxg4 57.fxg4 Rxg4 58.Nf3 Rxg2
59.Qxg2 g4 60.Nh2 Rg3 61.Qf1 Qh8 62.Rd2 Qh7 63.Qe1 Bh4 64.Qd1 Qxe4 65.Nxg4 Qh1
66.Bxc5 Qxd1+ 67.Kxd1 Rxg4 68.Bf2 Bxf2 69.Rxf2 Kb6 70.Rh2 Kc5 71.Rh8 Kd4
72.Rh6 Kc5 73.Rh8 e4 74.Ra8 Kd4 75.Rxa5 e3  0-1

[Event "Turkish Bank Chess League 2012"]
[Site "Konya TUR"]
[Date "2012.07.16"]
[Round "6"]
[White "Menzi,N"]
[Black "Gundogan,Sinem Cagla"]
[Result "1/2-1/2"]
[WhiteElo "1913"]
[BlackElo "1601"]

1.e4 e5 2.Nf3 Nc6 3.Bb5 a6 4.Ba4 Nf6 5.O-O Be7 6.Re1 b5 7.Bb3 d6 8.c3 O-O
9.h3 Nb8 10.d4 Nbd7 11.Nbd2 Bb7 12.Bc2 Re8 13.Nf1 Bf8 14.Ng3 g6 15.a4 c6
16.b3 Qc7 17.Bb2 Bg7 18.Qd2 Rad8 19.Rad1 d5 20.Qc1 dxe4 21.Nxe4 exd4 22.cxd4 c5
23.Ned2 cxd4 24.Nxd4 Rxe1+ 25.Rxe1 bxa4 26.bxa4 Nh5 27.Ne4 Nc5 28.Nxc5 Qxc5
29.Nb3 Qd5 30.f3 Bxb2 31.Qxb2 Qg5 32.Be4 Bxe4 33.fxe4 Qg3 34.Rf1 Qe3+ 35.Kh2 Qxe4
36.Nc5 Qe3 37.Nb3 Qe4 38.Nc5 Qc6 39.Qf2 Rf8 40.Kg1 Qd6 41.Ne4 Qc6 42.Ng5 Qd5
43.Qh4 Rd8 44.Nxf7 Qd4+ 45.Qf2 Qxf2+ 46.Rxf2 Rd4 47.a5 Ra4 48.Kh2 Rxa5 49.g4 Kg7
50.gxh5 Rxh5 51.Nd6 Ra5 52.Kg3 Ra3+ 53.Rf3 Rxf3+ 54.Kxf3 Kf6 55.Ke4  1/2-1/2

[Event "Corporation Centre Cup A"]
[Site "Izhevsk RUS"]
[Date "2012.07.18"]
[Round "4.53"]
[White "Kostitsina,L"]
[Black "Litvinov,Maxim"]
[Result "1-0"]
[WhiteElo "2040"]
[BlackElo "1947"]

1.e4 e5 2.Nf3 Nc6 3.Bb5 a6 4.Ba4 Nf6 5.O-O Be7 6.Re1 b5 7.Bb3 d6 8.c3 O-O
9.h3 Nb8 10.d4 Nbd7 11.Bc2 Bb7 12.Nbd2 Re8 13.b3 Bf8 14.d5 c6 15.c4 Rc8 16.Nf1 Qc7
17.Ne3 g6 18.a3 Bg7 19.Ra2 h6 20.Nh2 Kh7 21.Bd2 Rf8 22.Qf3 c5 23.g4 Ng8 24.Nhf1 Rb8
25.Ng3 Bc8 26.Kg2 Nb6 27.h4 Ne7 28.Ba5 Qa7 29.Bd2 Qc7 30.Bd3 Bd7 31.g5 h5
32.Nef5 Be8 33.Nxg7 Kxg7 34.Qf6+ Kh7 35.Be2 Ng8 36.Qf3 Kg7 37.Rg1 Bd7 38.Qe3 bxc4
39.bxc4 Na4 40.Kh2 Qb6 41.Bxh5 Qb3 42.Qxb3 Rxb3 43.Bd1 Rb7 44.h5 gxh5 45.Nxh5+ Kg6
46.f4 exf4 47.Nxf4+ Kg7 48.Bxa4 Bxa4 49.Bc3+ Kh7 50.Rg4 f6 51.Rh4+  1-0

[Event "5th Paleochora Open"]
[Site "Paleochora GRE"]
[Date "2012.07.20"]
[Round "6.9"]
[White "Videnova,I"]
[Black "Henrichs,T"]
[Result "1-0"]
[WhiteElo "2328"]
[BlackElo "2505"]

1.e4 e5 2.Nf3 Nc6 3.Bb5 a6 4.Ba4 Nf6 5.O-O Be7 6.Re1 b5 7.Bb3 d6 8.c3 O-O
9.h3 Nb8 10.d4 Nbd7 11.Nbd2 c5 12.Nf1 Re8 13.Ng3 Bf8 14.a4 Bb7 15.d5 c4 16.Bc2 Qc7
17.Nf5 Reb8 18.g4 Nc5 19.Ng3 Bc8 20.Nh4 b4 21.cxb4 Rxb4 22.Ra2 Rab8 23.Re3 a5
24.Rc3 Ba6 25.Nhf5 Nfd7 26.Qf3 Qd8 27.Kh2 Nd3 28.Bxd3 cxd3 29.Rc6 Nc5 30.Nh5 Nxe4
31.Rxa6 d2 32.Bxd2 Nxd2 33.Qe2 Ne4 34.Nhg3 Nc5 35.Rc6 g6 36.Ne3 Nb3 37.Qa6 Nd4
38.Rc1 Rxb2 39.Rxb2 Rxb2 40.Rc8 Qf6 41.Nef5 Nxf5 42.gxf5 Qh4 43.Kg2 Qf4 44.Qa7 e4
45.f6 Qf3+ 46.Kg1 Rb1+ 47.Kh2 Qxf6 48.Nxe4 Qe5+ 49.Ng3 Qe1 50.h4 h5 51.Kh3 Rb3
52.Kg2 Rb2 53.Qd4 Rd2 54.Qf6 Qe5 55.Qd8 Qxd5+ 56.Kg1 Rd1+ 57.Kh2 Kg7 58.Qxf8+ Kf6
59.Qh8+ Ke7 60.Re8+ Kd7 61.Qf8 Qf3 62.Re7+  1-0

[Event "5th Paleochora Open"]
[Site "Paleochora GRE"]
[Date "2012.07.20"]
[Round "6.6"]
[White "David,Alb"]
[Black "Bellia,F"]
[Result "1/2-1/2"]
[WhiteElo "2605"]
[BlackElo "2428"]

1.e4 e5 2.Nf3 Nc6 3.Bb5 a6 4.Ba4 Nf6 5.O-O Be7 6.Re1 b5 7.Bb3 d6 8.c3 O-O
9.h3 Nb8 10.d3 Nbd7 11.Nbd2 c5 12.Nf1 Nb6 13.Bc2 Bd7 14.Ng3 Qc7 15.d4 cxd4
16.cxd4 Rac8 17.Re2 Rfe8 18.b3 g6 19.Bb2 Bf8 20.Qd2 Bg7 21.Rd1 Bc6 22.Bb1 Nbd7
23.Nh4 Nf8 24.Nf3 N8d7 25.Qg5 h6 26.Qd2 Bb7 27.Kh1 Kh7 28.Nh4 Qd8 29.f4 exd4
30.Bxd4 Nc5 31.e5 Nfe4 32.Nxe4 Nxe4 33.Bxe4 Bxe4 34.Rxe4 Qxh4 35.e6 d5 36.exf7 dxe4
37.Bxg7 Kxg7 38.fxe8=Q Rxe8 39.Qc3+ Kf7 40.Qe3 Qf6 41.Rd5 Qc6 42.Rd4 Re7
43.a4 h5 44.axb5 axb5 45.b4 Qe6 46.Kh2 Kg7 47.Rd8 Qc4 48.Rd6 Qf7 49.Rb6 Qf5
50.Rb8 h4 51.Qc3+ Kf7 52.Qb3+ Qe6 53.Qxe6+ Rxe6 54.Kg1 e3 55.Kf1 Re4 56.Rxb5 Rxf4+
57.Ke1 Kf6 58.Rb6+ Kg7 59.Re6  1/2-1/2

[Event "23rd Czech Open A"]
[Site "Pardubice CZE"]
[Date "2012.07.22"]
[Round "3.31"]
[White "Donskov,Ana"]
[Black "Mozharov,M"]
[Result "0-1"]
[WhiteElo "2328"]
[BlackElo "2500"]

1.e4 e5 2.Nf3 Nc6 3.Bb5 a6 4.Ba4 Nf6 5.O-O Be7 6.Re1 b5 7.Bb3 d6 8.c3 O-O
9.h3 Nb8 10.d4 Nbd7 11.Nbd2 Bb7 12.Bc2 Re8 13.Nf1 Bf8 14.Ng3 g6 15.b3 Bg7
16.Bb2 c6 17.dxe5 dxe5 18.Qe2 Qc7 19.Rad1 Nc5 20.Ba3 Nfd7 21.Qe3 Ne6 22.Ne2 c5
23.Ng5 Nxg5 24.Qxg5 Nf8 25.Rd2 Ne6 26.Qe3 Bf6 27.Qg3 Qa5 28.Bxc5 Nxc5 29.b4 Qxa2
30.bxc5 Rad8 31.Nc1 Qc4 32.Rxd8 Bxd8 33.Qe3 Ba5 34.Rd1 Qxc3 35.Qxc3 Bxc3
36.Rd7 Bc8 37.Ra7 Bd4 38.Nd3 Kf8 39.Bb3 Be6 40.Bc2 Rc8 41.Rxa6 Bxc5 42.Nxe5 Bxf2+
43.Kxf2 Rxc2+ 44.Kf3 b4 45.Nc6 b3 46.Nd4 Rc3+ 47.Kf4 Bc4 48.Rb6 Rd3 49.Nf3 Rc3
50.Nd4 Kg7 51.Rb7 h6 52.h4 Rc2 53.g3 Rf2+ 54.Ke3 Ra2 55.Kf3 Ra3 56.Kf2  0-1

[Event "Open ch-BUL w 2012"]
[Site "Vratsa BUL"]
[Date "2012.07.23"]
[Round "1.9"]
[White "Yordanova,S"]
[Black "Atanasova,Elitsa"]
[Result "1-0"]
[WhiteElo "2111"]
[BlackElo "1727"]

1.e4 e5 2.Nf3 Nc6 3.Bb5 a6 4.Ba4 Nf6 5.O-O Be7 6.Re1 b5 7.Bb3 d6 8.c3 O-O
9.h3 Nb8 10.d4 Nbd7 11.Nbd2 Bb7 12.a4 c5 13.d5 c4 14.Bc2 Nc5 15.Nf1 Qc7 16.Qe2 Rfe8
17.Ng3 Bf8 18.Nf5 g6 19.Nh6+ Kh8 20.Nh2 Bg7 21.Qf3 Rf8 22.axb5 axb5 23.Rxa8 Bxa8
24.Bg5 Ne8 25.Ra1 Bb7 26.N2g4 f6 27.Bd2 Bc8 28.Nh2 Bd7 29.g4 Qc8 30.Qe2 Nc7
31.Nf1 N7a6 32.Ng3 Be8 33.Kh2 Qb7 34.Rg1 Qb6 35.f3 Bd7 36.Be3 Qc7 37.h4 Nb7
38.h5 g5 39.Nhf5 Bxf5 40.Nxf5 h6 41.Ra1 Nbc5 42.Kg3 Rb8 43.Bd1 Kh7 44.Bc2 Bf8
45.Kh3 Qb7 46.Qf1 Qc7 47.Bf2 Qb7 48.Ra5 Qc7 49.Qa1 Rb6 50.Be3 Kh8 51.Qa2 Kh7
52.b4 cxb3 53.Bxb3 Nxb3 54.Bxb6 Qxc3 55.Rxa6 Qxf3+ 56.Ng3 Nc1 57.Ra7+ Bg7
58.Rxg7+ Kxg7 59.Qa7+ Kg8 60.Qb8+  1-0

[Event "27th Avoine Open"]
[Site "Avoine FRA"]
[Date "2012.07.26"]
[Round "6.9"]
[White "Marholev,D"]
[Black "Duboue,P"]
[Result "1-0"]
[WhiteElo "2356"]
[BlackElo "2189"]

1.e4 e5 2.Nf3 Nc6 3.Bb5 a6 4.Ba4 Nf6 5.O-O b5 6.Bb3 Be7 7.Re1 d6 8.c3 O-O
9.h3 Nb8 10.d4 Nbd7 11.Nbd2 Bb7 12.Bc2 Re8 13.Nf1 Bf8 14.Ng3 g6 15.a4 Bg7
16.d5 Nc5 17.b4 Nxa4 18.Bxa4 bxa4 19.Qxa4 Qe7 20.c4 Rec8 21.Qb3 c6 22.Be3 cxd5
23.cxd5 Qd7 24.Nd2 Qc7 25.Qa3 h5 26.Rec1 Qe7 27.f3 Nd7 28.Nc4 f5 29.Na5 Nf8
30.Nf1 f4 31.Bf2 g5 32.Nxb7 Qxb7 33.Rxc8 Qxc8 34.b5 g4 35.fxg4 hxg4 36.hxg4 Qxg4
37.bxa6 Qe2 38.a7 Qxe4 39.Qxd6 Qc4 40.Qc6 Qxc6 41.dxc6 e4 42.Rc1 e3 43.Nxe3 fxe3
44.Bxe3 Rc8 45.c7 Be5 46.a8=Q Rxa8 47.c8=Q Rxc8 48.Rxc8 Kf7 49.Kf2 Ng6 50.Rc4 Ne7
51.Kf3 Bf6 52.Ke4 Ng8 53.Rc7+ Kg6 54.g4 Bb2 55.Rc6+ Kf7 56.Bg5  1-0

[Event "23rd Czech Open A"]
[Site "Pardubice CZE"]
[Date "2012.07.26"]
[Round "7.20"]
[White "Rojicek,V"]
[Black "Cvek,R"]
[Result "1/2-1/2"]
[WhiteElo "2438"]
[BlackElo "2549"]

1.e4 e5 2.Nf3 Nc6 3.Bb5 a6 4.Ba4 Nf6 5.O-O Be7 6.Re1 b5 7.Bb3 d6 8.c3 O-O
9.h3 Nb8 10.d4 Nbd7 11.Nbd2 Bb7 12.Bc2 Re8 13.Nf1 Bf8 14.Ng3 g6 15.a4 c6
16.Bg5 Qc7 17.Qd2 c5 18.d5 Bg7 19.Bh6 Bh8 20.Ng5 Bg7 21.Bxg7 Kxg7 22.f4 h6
23.Nf3 exf4 24.Qxf4 Ne5 25.Rf1 Nh7 26.Nh4 b4 27.a5 Bc8 28.Ba4 Bd7 29.Bxd7 Qxd7
30.cxb4 cxb4 31.Nhf5+ gxf5 32.Nh5+ Kh8 33.Qxh6 Qa7+ 34.Kh1 f6 35.Nxf6 Rf8
36.Nxh7 Qxh7 37.Qxd6 Qg7 38.exf5 Rg8 39.Rf2 Rad8 40.Qxb4 Rxd5 41.Qh4+ Qh7
42.Qe4 Rgd8 43.Rf4 Kg8 44.Ra3 Nd3 45.Rf3 Nc5 46.Qg4+ Kf8 47.Rae3 Rd4 48.Qg5 Qg7
49.Qxg7+ Kxg7 50.Re7+ Kf6 51.Rc7 Ne4 52.Kh2 R8d6 53.Rb7 Nd2 54.Rf2 Ne4 55.Rc2 Kxf5
56.b4 R4d5 57.Rc4 Nf6 58.Rc5 Rxc5 59.bxc5 Rc6 60.Rb6 Rxc5 61.Rxa6 Rc2 62.Ra8 Ra2
63.a6 Kg6 64.Kg3 Nd5 65.a7 Nf6 66.Kf4 Ra5 67.h4 Kg7 68.Kf3 Ra4 69.Ke2 Ra6
70.Kd1 Ra2 71.Kc1 Ra3 72.Kb2 Ra4 73.Kb3 Ra1 74.g3 Ra6 75.Kb4 Ra1 76.Kb5 Rb1+
77.Kc6 Rc1+ 78.Kb5  1/2-1/2

[Event "21st Kavala Open A"]
[Site "Kavala GRE"]
[Date "2012.07.28"]
[Round "5"]
[White "Ladopoulos,D"]
[Black "Stany,G"]
[Result "1-0"]
[WhiteElo "2010"]
[BlackElo "2393"]

1.e4 e5 2.Nf3 Nc6 3.Bb5 a6 4.Ba4 Nf6 5.O-O Be7 6.Re1 b5 7.Bb3 d6 8.c3 O-O
9.h3 Nb8 10.d4 Nbd7 11.Nbd2 Bb7 12.a4 c5 13.Bc2 Re8 14.d5 c4 15.b4 cxb3 16.Nxb3 Qc7
17.Bd2 bxa4 18.Rxa4 Nb6 19.Ra1 Nc4 20.Bd3 Nb2 21.Qb1 Nxd3 22.Qxd3 a5 23.Ra4 Nd7
24.Rea1 Nb6 25.Rxa5 f5 26.exf5 Rxa5 27.Rxa5 Ra8 28.Be3 Qc4 29.Qxc4 Nxc4 30.Rxa8+ Bxa8
31.Nfd2 Nxe3 32.fxe3 Bxd5 33.e4 Ba8 34.c4 Kf7 35.Kf2 Bd8 36.Ke3 Bb6+ 37.Kd3 Kf6
38.Nf3 g6 39.fxg6 hxg6 40.Nc1 Bc6 41.Ne1 Bf2 42.Nc2 Bc5 43.Ne2 Kg5 44.Ne1 Bb4
45.Nf3+ Kf6 46.h4 Kg7 47.g4 Bd7 48.g5 Bg4 49.Nh2 Be6 50.Nc3 Bc5 51.Nd1 Bb4
52.Ne3 Be1 53.Nf3 Bg3 54.Ke2 Bh3 55.Kd3 Kf7 56.Ke2 Ke6 57.Nf1 Bf4 58.Kf2 Kd7
59.Ne3 Be6 60.Nd5 Bc1 61.Ne1 Bb2 62.Nd3 Bd4+ 63.Kg3 Bf7 64.Ne1 Bb2 65.Ng2 Bc1
66.Kf3 Kc6 67.Ke2 Bb2 68.h5 gxh5 69.g6 Bxg6 70.Ne7+ Kc5 71.Nxg6 Kxc4 72.Ne3+ Kd4
73.Kf3 Bc1 74.Nf5+ Kc5 75.Nge7 Bg5 76.Nd5 Bd2 77.Ng7 h4 78.Nf5 Bg5 79.Ng7 Bd2
80.Nf6 Be1 81.Kg4 Kc6 82.Nf5 Ba5 83.Nxh4 Kc5 84.Nd5 Bd2 85.Kf5 Be1 86.Ng6 Bd2
87.Nf8 Bc1 88.Nd7+ Kd4 89.Nc7 Kc4 90.Ne8 Ba3 91.Ndf6 Kd4 92.Nc7 Kc5 93.Nfd5 Bc1
94.Ke6 Ba3 95.Nf6 Kc6 96.Ncd5 Kc5 97.Ne7 Bc1 98.Nc8 Bg5 99.Nd7+ Kd4 100.Nxd6 Bf4
101.Kf5 Bh2 102.Nf7 Bg3 103.Ng5 Ke3 104.Nxe5 Kd4 105.Ne6+ Ke3 106.Ng4+ Ke2
107.Nf4+ Kf3 108.Ne5+ Ke3 109.Neg6 Kf3 110.e5 Be1 111.e6 Bb4 112.Ne5+ Kg3
113.Nd5 Bc5 114.Nf4 Be7 115.Nd5 Bc5 116.Nf7 Kh4 117.Ke5 Bf8 118.Nf4 Kg4 119.Nd5 Kh5
120.Kf5 Kh4 121.Nf4 Ba3 122.Ke5 Bb2+ 123.Kd6 Kg4 124.Nd5 Ba3+ 125.Kd7 Bf8
126.Nf6+ Kf5 127.Nh7  1-0

[Event "Platonov Memorial 2012"]
[Site "Rockville USA"]
[Date "2012.07.30"]
[Round "3.1"]
[White "Gulko,B"]
[Black "Palatnik,S"]
[Result "1/2-1/2"]
[WhiteElo "2532"]
[BlackElo "2448"]

1.e4 e5 2.Nf3 Nc6 3.Bb5 a6 4.Ba4 Nf6 5.O-O Be7 6.Re1 b5 7.Bb3 d6 8.c3 O-O
9.h3 Nb8 10.d4 Nbd7 11.Nbd2 Nb8  1/2-1/2

[Event "Platonov Memorial 2012"]
[Site "Rockville USA"]
[Date "2012.08.01"]
[Round "5.3"]
[White "Mihalcisin,A"]
[Black "Palatnik,S"]
[Result "1/2-1/2"]
[WhiteElo "2513"]
[BlackElo "2448"]

1.e4 e5 2.Nf3 Nc6 3.Bb5 a6 4.Ba4 Nf6 5.O-O Be7 6.Re1 b5 7.Bb3 d6 8.c3 O-O
9.h3 Nb8 10.d4 Nbd7 11.Nbd2 Bb7 12.Bc2 Re8 13.Nf1 Bf8 14.Ng3 c5 15.d5  1/2-1/2

[Event "16th Izmailov Mem"]
[Site "Tomsk RUS"]
[Date "2012.08.12"]
[Round "6.4"]
[White "Kokarev,Dm"]
[Black "Gutov,A"]
[Result "1/2-1/2"]
[WhiteElo "2608"]
[BlackElo "2413"]

1.e4 e5 2.Nf3 Nc6 3.Bb5 a6 4.Ba4 Nf6 5.O-O Be7 6.Re1 b5 7.Bb3 d6 8.c3 O-O
9.h3 Nb8 10.d4 Nbd7 11.Nbd2 Bb7 12.Bc2 Re8 13.Nf1 Bf8 14.Ng3 g6 15.a4 c5
16.d5 c4 17.Bg5 h6 18.Be3 Nc5 19.Qd2 h5 20.Bg5 Be7 21.Ra3 Nh7 22.Be3 Bf6
23.Rea1 Rb8 24.axb5 axb5 25.Ra5 Bc8 26.Qc1 Bd7 27.Ra7 Qc8 28.Bxc5 dxc5 29.Qe3 Bg7
30.Bd1 Bf8 31.Be2 Rb7 32.R7a6 Qc7 33.Bf1 Rb6 34.Ra7 Rb7 35.R7a6 Rb6 36.Ra7 Rb7
37.R7a2 Qd6 38.Ra6 Qc7 39.Ne2 Rb6 40.Rxb6 Qxb6 41.g3 f6 42.Bg2 Kg7 43.h4 Qb7
44.Kh2 Ra8 45.Qc1 Bd6 46.Bh3 Nf8 47.Ne1 Rxa1 48.Qxa1 Bxh3 49.Kxh3 f5 50.Nc2 fxe4
51.Ne3 Nd7 52.Qd1 Nf6 53.Kg2 Kf7 54.Ng1 Bf8 55.Nh3 Bh6 56.Ng5+ Bxg5 57.hxg5 Ng4
58.Nxg4 hxg4 59.Kg1 Ke7 60.d6+ Kd7 61.Qxg4+ Kxd6 62.Qd1+ Ke7 63.Kh2 b4 64.Qa4 bxc3  1/2-1/2

[Event "2nd Split Open 2012"]
[Site "Split CRO"]
[Date "2012.08.14"]
[Round "4.32"]
[White "Ladisic,A"]
[Black "Janzelj,T"]
[Result "0-1"]
[WhiteElo "2020"]
[BlackElo "2203"]

1.e4 e5 2.Nf3 Nc6 3.Bb5 a6 4.Ba4 Nf6 5.O-O Be7 6.Re1 b5 7.Bb3 d6 8.c3 O-O
9.h3 Nb8 10.d4 Nbd7 11.Nbd2 Bb7 12.Bc2 Re8 13.Nf1 Bf8 14.Ng3 g6 15.a4 c5
16.b3 exd4 17.cxd4 Bg7 18.Bb2 Rc8 19.e5 Bxf3 20.Qxf3 cxd4 21.exf6 Rxe1+ 22.Rxe1 Rxc2
23.Bxd4 Bxf6 24.Bxf6 Qxf6 25.Qa8+ Kg7 26.Ne4 Qf5 27.Rd1 Nc5 28.Nxd6 Qxf2+
29.Kh1 Rd2 30.Ne8+ Kh6 31.Rxd2 Qxd2 32.axb5 Qe1+ 33.Kh2 Qe5+ 34.Kh1 axb5
35.Qd8 Qe1+ 36.Kh2 Qe5+ 37.Kh1 Qe1+ 38.Kh2 Nxb3 39.Nf6 Qe5+ 40.Kh1 Qe1+ 41.Kh2 Qe5+
42.Kh1 Qe6 43.Qh8 Kg5 44.Nxh7+ Kf4 45.Qc3 Qe3 46.Qc7+ Ke4 47.Nf6+ Kd3 48.Ng4 Qc1+
49.Qxc1 Nxc1 50.Ne5+ Kc3 51.Nxf7 b4 52.Nd6 b3 53.Ne4+ Kd3 54.Nc5+ Kd4 55.Nxb3+ Nxb3
56.h4 Ke5 57.g4 Nd4 58.Kg2 Ne6 59.Kf3 Nf4 60.Kg3 Ke4 61.Kf2 Nd5 62.Kg3 Nf6
63.h5 g5  0-1

[Event "2nd Split Open 2012"]
[Site "Split CRO"]
[Date "2012.08.17"]
[Round "7.31"]
[White "Erben,L"]
[Black "Pecha,T"]
[Result "1/2-1/2"]
[WhiteElo "2057"]
[BlackElo "2263"]

1.e4 e5 2.Nf3 Nc6 3.Bb5 a6 4.Ba4 Nf6 5.O-O Be7 6.Re1 b5 7.Bb3 d6 8.c3 O-O
9.h3 Nb8 10.a4 Bb7 11.d3 Nbd7 12.Be3 c5 13.Nbd2 Qc7 14.c4 b4 15.Nf1 Ne8 16.Ng3 g6
17.Bh6 Ng7 18.Nh2 Bh4 19.Nf3 Bxg3 20.fxg3 f5 21.Ng5 Rae8 22.Rf1 fxe4 23.Rxf8+ Nxf8
24.Nxe4 Bxe4 25.dxe4 Qc6 26.Qd5+ Qxd5 27.cxd5 Nh5 28.Kf2 a5 29.Bc4 Nf6 30.Ke3 Kf7
31.Be2 N6d7 32.Rf1+ Kg8 33.Bb5 Rb8 34.b3 Rc8 35.Kd3 Rb8 36.Bc6 c4+ 37.bxc4 Nc5+
38.Ke3 Nfd7 39.Bb5 Re8 40.Rf2  1/2-1/2

[Event "e2e4 Hinckley Open 2012"]
[Site "Hinckley ENG"]
[Date "2012.08.25"]
[Round "3.9"]
[White "Weaving,Richard"]
[Black "Robinson,J"]
[Result "1-0"]
[WhiteElo "2149"]
[BlackElo "1982"]

1.e4 e5 2.Nf3 Nc6 3.Bb5 a6 4.Ba4 Nf6 5.O-O Be7 6.Re1 b5 7.Bb3 d6 8.c3 O-O
9.h3 Nb8 10.d4 Nbd7 11.Nbd2 Bb7 12.Bc2 Re8 13.Nf1 Bf8 14.Ng3 g6 15.d5 Nb6
16.Nh2 Bg7 17.Ng4 Nxg4 18.hxg4 c6 19.Bb3 Qc7 20.Qf3 Nc4 21.Bxc4 bxc4 22.Bg5 f6
23.Be3 Qf7 24.Rad1 Rad8 25.Re2 Rd7 26.Red2 cxd5 27.exd5 a5 28.b3 Rc8 29.Bb6 Bh6
30.Rb2 Kg7 31.Nf1 Ba8 32.Be3 Bxe3 33.Nxe3 cxb3 34.axb3 e4 35.Qxe4 Rxc3 36.Qd4 Rc5
37.g5 h5 38.gxh6+ Kxh6 39.g4 Rd8 40.f4 Kh7 41.g5  1-0